Visual Basic .Net programming (Record no. 5078)

MARC details
000 -LEADER
fixed length control field 00419nam a22001697a 4500
005 - DATE AND TIME OF LATEST TRANSACTION
control field 20180205131103.0
008 - FIXED-LENGTH DATA ELEMENTS--GENERAL INFORMATION
fixed length control field 160701b xxu||||| |||| 00| 0 eng d
020 ## - INTERNATIONAL STANDARD BOOK NUMBER
ISBN 978-81-7722-609-6
041 ## - LANGUAGE CODE
Language code of text/sound track or separate title eng
082 ## - DEWEY DECIMAL CLASSIFICATION NUMBER
Item number 20416
Classification number 005.118
100 ## - MAIN ENTRY--AUTHOR NAME
Personal name Holzer, Steven
245 ## - TITLE STATEMENT
Title Visual Basic .Net programming
260 ## - PUBLICATION, DISTRIBUTION, ETC. (IMPRINT)
Name of publisher Dreamtech press
300 ## - PHYSICAL DESCRIPTION
Number of Pages 1237
650 ## - SUBJECT ADDED ENTRY--TOPICAL TERM
Topical Term Information Technology
942 ## - ADDED ENTRY ELEMENTS (KOHA)
Koha item type Books
Holdings
Lost status Damaged status Home library Shelving location Date acquired Cost, normal purchase price Full call number Accession Number Koha item type Collection code Current library
    JRU Library SHELF-3-C 01/07/2016 699.00 005.133 20416 Books    
    JRU Library SHELF-50-G 01/07/2016 699.00 005.133 20417 Books CS/IT JRU Library
    JRU Library SHELF-3-C 01/07/2016 699.00 005.133 20418 Books    
    JRU Library SHELF-3-C 01/07/2016 699.00 005.133 20419 Books    
    JRU Library SHELF-50-G 01/07/2016 699.00 005.133 20420 Books CS/IT JRU Library
    JRU Library SHELF-50-G 01/07/2016 699.00 005.133 20421 Books CS/IT JRU Library
    JRU Library SHELF-50-G 01/07/2016 699.00 005.133 20422 Books CS/IT JRU Library
    JRU Library SHELF-50-G 01/07/2016 699.00 005.133 20423 Books CS/IT JRU Library